00586nam a2200181Ia 4500952014300000999001300143003000400156005001700160008004100177040000900218082001800227100002600245245003900271260003200310300000900342650001100351942004200362 00102ddc40708POEaMESbMEScARBd2019-02-20g450.00l2m2o892.71 HAM/Mp37036r2025-02-10 11:30:16s2025-01-03w2019-02-20yBKzGR5R3 c859d859OSt20210827123115.0190216s9999||||xx |||||||||||||| ||und|| coclc a892.71bHAM/M aHamud, Muhamed 98717 0aMahamood Darveesh /cMuhamed Hamud bDarul Filkr Labanan,c2008. a232p aArabic cBK2ddch892.71iHAM/Mk892.71mHAM/M